[Event "Moscow Open 2018 AB"]
[Site "?"]
[Date "2018.01.30"]
[Round "4.9"]
[White "Bocharov, Ivan"]
[Black "Gorbatov, Alexej"]
[Result "1-0"]
[BlackElo "2397"]
[WhiteElo "2534"]
[LiveChessVersion "1.4.8"]

1. e4 {[%clk 1:27:33]} c5 {[%clk 1:30:44]} 2. Nf3 {[%clk 1:27:09]} d6
{[%clk 1:30:55]} 3. d4 {[%clk 1:27:24]} cxd4 {[%clk 1:31:18]} 4. Nxd4
{[%clk 1:27:53]} Nf6 {[%clk 1:31:36]} 5. Nc3 {[%clk 1:28:21]} Nc6
{[%clk 1:31:54]} 6. Bg5 {[%clk 1:28:18]} Qa5 {[%clk 1:29:46]} 7. Bxf6
{[%clk 1:26:48]} gxf6 {[%clk 1:30:08]} 8. Nb3 {[%clk 1:26:50]} Qg5
{[%clk 1:25:23]} 9. Nd5 {[%clk 1:25:17]} Rb8 {[%clk 1:25:42]} 10. f4
{[%clk 1:24:08]} Qg6 {[%clk 1:21:36]} 11. Qf3 {[%clk 1:13:53]} f5
{[%clk 1:03:27]} 12. Bd3 {[%clk 1:12:17]} fxe4 {[%clk 0:56:50]} 13. Bxe4
{[%clk 1:12:35]} f5 {[%clk 0:57:08]} 14. Bd3 {[%clk 1:12:31]} Bg7
{[%clk 0:56:57]} 15. c3 {[%clk 1:08:40]} O-O {[%clk 0:56:25]} 16. O-O
{[%clk 1:01:22]} e5 {[%clk 0:50:17]} 17. Qh3 {[%clk 0:59:36]} Qf7
{[%clk 0:44:31]} 18. Ne3 {[%clk 0:57:38]} e4 {[%clk 0:44:44]} 19. Bc4
{[%clk 0:57:36]} Be6 {[%clk 0:45:12]} 20. Bxe6 {[%clk 0:57:59]} Qxe6
{[%clk 0:45:39]} 21. Rad1 {[%clk 0:58:03]} a5 {[%clk 0:44:05]} 22. Rd5
{[%clk 0:45:48]} a4 {[%clk 0:42:39]} 23. Nd4 {[%clk 0:45:33]} Bxd4
{[%clk 0:42:56]} 24. cxd4 {[%clk 0:46:02]} Ne7 {[%clk 0:43:16]} 25. Rb5
{[%clk 0:46:15]} d5 {[%clk 0:38:51]} 26. Qh4 {[%clk 0:41:21]} Qd7
{[%clk 0:34:55]} 27. Rc5 {[%clk 0:37:53]} b6 {[%clk 0:34:09]} 28. Rc3
{[%clk 0:37:09]} Rb7 {[%clk 0:31:20]} 29. g4 {[%clk 0:32:35]} Kh8
{[%clk 0:27:36]} 30. Qh6 {[%clk 0:30:33]} Qd8 {[%clk 0:20:07]} 31. Qe6
{[%clk 0:25:56]} fxg4 {[%clk 0:16:51]} 32. Qe5+ {[%clk 0:25:35]} Kg8
{[%clk 0:17:20]} 33. Nxg4 {[%clk 0:25:55]} Kf7 {[%clk 0:15:23]} 34. Nh6+
{[%clk 0:25:28]} Ke8 {[%clk 0:15:44]} 35. f5 {[%clk 0:25:50]} 1-0

[Event "Moscow Open 2018 AB"]
[Site "?"]
[Date "2018.01.30"]
[Round "4.10"]
[White "Kalashian, David"]
[Black "Lomasov, Semen"]
[Result "1/2-1/2"]
[BlackElo "2530"]
[WhiteElo "2397"]
[LiveChessVersion "1.4.8"]

1. c4 {[%clk 1:30:57]} e5 {[%clk 1:30:34]} 2. Nc3 {[%clk 1:31:20]} Nc6
{[%clk 1:31:00]} 3. Nf3 {[%clk 1:31:40]} Nf6 {[%clk 1:31:21]} 4. g3
{[%clk 1:32:03]} Bb4 {[%clk 1:31:13]} 5. Bg2 {[%clk 1:31:52]} O-O
{[%clk 1:30:24]} 6. O-O {[%clk 1:31:55]} d6 {[%clk 1:15:52]} 7. d3
{[%clk 1:27:18]} h6 {[%clk 1:15:32]} 8. Na4 {[%clk 1:26:03]} Bc5 {[%clk 1:03:57]}
9. b3 {[%clk 1:13:33]} Re8 {[%clk 0:59:35]} 10. e3 {[%clk 1:12:24]} a6
{[%clk 0:53:17]} 11. Nxc5 {[%clk 1:11:02]} dxc5 {[%clk 0:53:46]} 12. Bb2
{[%clk 1:11:24]} Bg4 {[%clk 0:49:59]} 13. h3 {[%clk 1:08:28]} Bxf3
{[%clk 0:49:00]} 14. Bxf3 {[%clk 1:08:35]} Qd7 {[%clk 0:49:15]} 15. Bg2
{[%clk 1:00:50]} Rad8 {[%clk 0:44:13]} 16. Qe2 {[%clk 0:57:46]} Qxd3
{[%clk 0:37:56]} 17. Qxd3 {[%clk 0:57:49]} Rxd3 {[%clk 0:38:24]} 18. Rfd1
{[%clk 0:57:02]} Rd7 {[%clk 0:15:35]} 19. Ba3 {[%clk 0:55:24]} Red8
{[%clk 0:14:11]} 20. Rxd7 {[%clk 0:55:11]} Nxd7 {[%clk 0:14:39]} 21. Rd1
{[%clk 0:54:32]} Kf8 {[%clk 0:14:51]} 22. Bxc6 {[%clk 0:54:18]} bxc6
{[%clk 0:15:20]} 23. Bxc5+ {[%clk 0:54:36]} Ke8 {[%clk 0:15:47]} 24. Bb4
{[%clk 0:54:38]} Nf6 {[%clk 0:13:28]} 25. Rxd8+ {[%clk 0:53:54]} Kxd8
{[%clk 0:13:56]} 26. Bf8 {[%clk 0:52:14]} Ne8 {[%clk 0:13:24]} 27. g4
{[%clk 0:51:32]} Kd7 {[%clk 0:11:54]} 28. Kg2 {[%clk 0:51:36]} Ke6
{[%clk 0:12:00]} 29. f4 {[%clk 0:48:35]} exf4 {[%clk 0:10:10]} 30. exf4
{[%clk 0:49:03]} f5 {[%clk 0:10:06]} 31. Kf3 {[%clk 0:49:02]} Kf7
{[%clk 0:10:06]} 32. Bb4 {[%clk 0:48:50]} g6 {[%clk 0:09:42]} 33. Bc3
{[%clk 0:47:20]} c5 {[%clk 0:03:30]} 34. gxf5 {[%clk 0:44:09]} gxf5
{[%clk 0:03:58]} 35. Be5 {[%clk 0:44:18]} c6 {[%clk 0:03:37]} 36. h4
{[%clk 0:40:38]} h5 {[%clk 0:03:06]} 37. Ke3 {[%clk 0:36:13]} Nf6
{[%clk 0:03:22]} 38. Kd3 {[%clk 0:17:03]} Ne4 {[%clk 0:03:36]} 39. Bb2
{[%clk 0:17:13]} Ke6 {[%clk 0:03:18]} 40. Bc1 {[%clk 0:47:34]} Kd6
{[%clk 0:33:11]} 41. Be3 {[%clk 0:47:54]} Nf6 {[%clk 0:25:50]} 42. a3
{[%clk 0:37:02]} 1/2-1/2

[Event "Moscow Open 2018 AB"]
[Site "?"]
[Date "2018.01.30"]
[Round "4.11"]
[White "Kashlinskaya, Alina"]
[Black "Lysenko, Margarita"]
[Result "0-1"]
[BlackElo "2202"]
[WhiteElo "2459"]
[LiveChessVersion "1.4.8"]

1. d4 {[%clk 1:30:57]} d5 {[%clk 1:30:42]} 2. c4 {[%clk 1:31:21]} c6
{[%clk 1:30:32]} 3. Nf3 {[%clk 1:31:44]} Nf6 {[%clk 1:30:29]} 4. Nc3
{[%clk 1:32:08]} e6 {[%clk 1:30:13]} 5. Bg5 {[%clk 1:32:31]} Be7 {[%clk 1:29:37]}
6. e3 {[%clk 1:32:39]} O-O {[%clk 1:29:31]} 7. Bd3 {[%clk 1:32:26]} dxc4
{[%clk 1:28:19]} 8. Bxc4 {[%clk 1:32:46]} b5 {[%clk 1:28:38]} 9. Bd3
{[%clk 1:29:27]} Bb7 {[%clk 1:26:42]} 10. O-O {[%clk 1:26:44]} Nbd7
{[%clk 1:24:19]} 11. Rc1 {[%clk 1:26:12]} Rc8 {[%clk 1:13:04]} 12. Qe2
{[%clk 1:11:32]} b4 {[%clk 0:29:24]} 13. Bxf6 {[%clk 1:01:28]} Nxf6
{[%clk 0:29:19]} 14. Na4 {[%clk 0:56:14]} c5 {[%clk 0:25:02]} 15. Ba6
{[%clk 0:37:53]} Bxa6 {[%clk 0:17:06]} 16. Qxa6 {[%clk 0:38:15]} cxd4
{[%clk 0:16:15]} 17. Rxc8 {[%clk 0:37:26]} Qxc8 {[%clk 0:16:38]} 18. Qxa7
{[%clk 0:37:40]} Qa8 {[%clk 0:14:47]} 19. Qxe7 {[%clk 0:33:21]} Qxa4
{[%clk 0:15:04]} 20. Nxd4 {[%clk 0:31:12]} Nd5 {[%clk 0:14:58]} 21. Qc5
{[%clk 0:21:26]} Qxa2 {[%clk 0:14:32]} 22. e4 {[%clk 0:21:40]} Nf4
{[%clk 0:07:15]} 23. Qxb4 {[%clk 0:21:27]} Nd3 {[%clk 0:06:41]} 24. Qa3
{[%clk 0:17:40]} Qxa3 {[%clk 0:03:06]} 25. bxa3 {[%clk 0:18:05]} Ra8
{[%clk 0:03:30]} 26. Rb1 {[%clk 0:16:17]} g6 {[%clk 0:02:58]} 27. Nc2
{[%clk 0:13:11]} Ra4 {[%clk 0:01:34]} 28. f3 {[%clk 0:13:13]} Rc4
{[%clk 0:01:30]} 29. Ne1 {[%clk 0:10:22]} Nc5 {[%clk 0:00:53]} 30. Rb8+
{[%clk 0:08:47]} Kg7 {[%clk 0:01:14]} 31. Rc8 {[%clk 0:09:09]} Rc1
{[%clk 0:01:14]} 32. Kf1 {[%clk 0:09:30]} Kf6 {[%clk 0:01:09]} 33. Ke2
{[%clk 0:09:13]} Ke7 {[%clk 0:01:20]} 34. Rc7+ {[%clk 0:09:21]} Ke8
{[%clk 0:00:58]} 35. a4 {[%clk 0:07:29]} Rc3 {[%clk 0:00:58]} 36. Ra7
{[%clk 0:01:22]} Ra3 {[%clk 0:01:21]} 37. a5 {[%clk 0:01:48]} Nb3
{[%clk 0:01:00]} 38. a6 {[%clk 0:01:57]} Nd4+ {[%clk 0:00:49]} 39. Kd2
{[%clk 0:01:21]} Nb5 {[%clk 0:00:51]} 40. Ra8+ {[%clk 0:31:25]} Ke7
{[%clk 0:30:45]} 41. Nc2 {[%clk 0:20:17]} Ra4 {[%clk 0:07:02]} 42. Rb8
{[%clk 0:13:55]} Nc7 {[%clk 0:06:47]} 43. Rb7 {[%clk 0:14:12]} Kd8
{[%clk 0:01:17]} 44. Nb4 {[%clk 0:14:04]} Kc8 {[%clk 0:00:55]} 45. Kc3
{[%clk 0:13:38]} Nxa6 {[%clk 0:00:32]} 46. Rxf7 {[%clk 0:03:32]} Rxb4
{[%clk 0:00:40]} 47. Rxh7 {[%clk 0:04:01]} Rb5 {[%clk 0:00:41]} 48. Rh6
{[%clk 0:04:21]} Rg5 {[%clk 0:00:36]} 49. g4 {[%clk 0:04:43]} Kd7
{[%clk 0:00:34]} 50. h4 {[%clk 0:05:02]} Ra5 {[%clk 0:00:36]} 51. Rxg6
{[%clk 0:02:31]} Ra3+ {[%clk 0:00:59]} 52. Kd4 {[%clk 0:01:58]} Rxf3
{[%clk 0:01:20]} 53. Rg7+ {[%clk 0:02:08]} Kd6 {[%clk 0:01:21]} 54. h5
{[%clk 0:02:04]} e5+ {[%clk 0:01:20]} 55. Kc4 {[%clk 0:02:31]} Nc7
{[%clk 0:01:45]} 56. h6 {[%clk 0:02:11]} Ne6 {[%clk 0:01:49]} 57. Rg6
{[%clk 0:01:26]} Rh3 {[%clk 0:01:35]} 58. Kb5 {[%clk 0:00:38]} Ke7
{[%clk 0:01:12]} 59. g5 {[%clk 0:00:56]} Rh5 {[%clk 0:01:04]} 60. Rg8
{[%clk 0:00:36]} Nxg5 {[%clk 0:01:13]} 61. Kc6 {[%clk 0:01:06]} Rxh6+
{[%clk 0:01:16]} 62. Kd5 {[%clk 0:01:35]} Nf7 {[%clk 0:01:37]} 63. Ra8
{[%clk 0:01:53]} Rd6+ {[%clk 0:02:00]} 64. Kc5 {[%clk 0:02:23]} Rd4
{[%clk 0:02:12]} 65. Ra7+ {[%clk 0:02:46]} Ke6 {[%clk 0:02:17]} 66. Ra6+
{[%clk 0:03:06]} Nd6 {[%clk 0:02:42]} 0-1

[Event "Moscow Open 2018 AB"]
[Site "?"]
[Date "2018.01.30"]
[Round "4.12"]
[White "Nechaeva, Marina"]
[Black "Solozhenkina, Elizaveta"]
[Result "1-0"]
[BlackElo "2190"]
[WhiteElo "2421"]
[LiveChessVersion "1.4.8"]

1. d4 {[%clk 1:28:17]} Nf6 {[%clk 1:30:55]} 2. c4 {[%clk 1:28:42]} e6
{[%clk 1:31:21]} 3. Nf3 {[%clk 1:28:52]} d5 {[%clk 1:31:46]} 4. Nc3
{[%clk 1:29:18]} Be7 {[%clk 1:32:11]} 5. Bf4 {[%clk 1:29:28]} O-O
{[%clk 1:32:03]} 6. e3 {[%clk 1:29:55]} Nbd7 {[%clk 1:32:23]} 7. cxd5
{[%clk 1:29:23]} Nxd5 {[%clk 1:14:45]} 8. Nxd5 {[%clk 1:29:39]} exd5
{[%clk 1:15:11]} 9. Be2 {[%clk 1:18:46]} c5 {[%clk 1:14:37]} 10. O-O
{[%clk 1:15:25]} Nf6 {[%clk 1:01:16]} 11. dxc5 {[%clk 1:12:58]} Bxc5
{[%clk 1:00:00]} 12. Rc1 {[%clk 1:13:22]} Bd6 {[%clk 0:49:15]} 13. Bg5
{[%clk 1:07:41]} Be6 {[%clk 0:47:27]} 14. Nd4 {[%clk 1:05:51]} Be7
{[%clk 0:43:16]} 15. Bf3 {[%clk 1:04:51]} Qb6 {[%clk 0:28:59]} 16. Qe2
{[%clk 0:56:56]} Rac8 {[%clk 0:25:57]} 17. h3 {[%clk 0:56:00]} a6
{[%clk 0:23:09]} 18. Rfd1 {[%clk 0:49:12]} h6 {[%clk 0:20:13]} 19. Nxe6
{[%clk 0:43:33]} fxe6 {[%clk 0:19:47]} 20. Bh4 {[%clk 0:32:04]} Qb5
{[%clk 0:17:07]} 21. Qxb5 {[%clk 0:25:21]} axb5 {[%clk 0:17:35]} 22. Bg3
{[%clk 0:25:44]} Rc6 {[%clk 0:14:05]} 23. a3 {[%clk 0:17:02]} Rfc8
{[%clk 0:13:13]} 24. Rb1 {[%clk 0:17:26]} Rc2 {[%clk 0:08:54]} 25. Rd3
{[%clk 0:16:51]} Nd7 {[%clk 0:04:09]} 26. Rb3 {[%clk 0:11:32]} R8c5
{[%clk 0:04:16]} 27. Kh2 {[%clk 0:10:11]} Bf6 {[%clk 0:02:28]} 28. a4
{[%clk 0:07:33]} Ne5 {[%clk 0:01:25]} 29. Bd1 {[%clk 0:03:36]} Rc1
{[%clk 0:00:47]} 30. Rxc1 {[%clk 0:04:01]} Rxc1 {[%clk 0:01:15]} 31. Be2
{[%clk 0:02:24]} bxa4 {[%clk 0:01:44]} 32. Rxb7 {[%clk 0:02:43]} Nc4
{[%clk 0:01:36]} 33. Bg4 {[%clk 0:02:28]} Nxb2 {[%clk 0:00:44]} 34. Bxe6+
{[%clk 0:02:53]} Kh7 {[%clk 0:00:50]} 35. Bxd5 {[%clk 0:02:30]} Rc5
{[%clk 0:00:41]} 36. Be4+ {[%clk 0:02:40]} Kg8 {[%clk 0:00:58]} 37. Ra7
{[%clk 0:03:05]} Rc3 {[%clk 0:00:42]} 38. Bd5+ {[%clk 0:03:13]} Kh7
{[%clk 0:00:52]} 39. h4 {[%clk 0:02:20]} h5 {[%clk 0:01:00]} 40. Be4+
{[%clk 0:32:21]} Kg8 {[%clk 0:31:02]} 41. Bg6 {[%clk 0:31:27]} Rc8
{[%clk 0:30:55]} 42. Bxh5 {[%clk 0:31:46]} Bc3 {[%clk 0:29:34]} 43. Bg4
{[%clk 0:24:42]} Rf8 {[%clk 0:25:30]} 44. f3 {[%clk 0:14:03]} Re8
{[%clk 0:18:30]} 45. e4 {[%clk 0:12:43]} Bd4 {[%clk 0:18:17]} 46. Ra6
{[%clk 0:12:54]} Rd8 {[%clk 0:12:19]} 47. Bc7 {[%clk 0:12:35]} Re8
{[%clk 0:11:22]} 48. Be6+ {[%clk 0:09:43]} Kh8 {[%clk 0:09:18]} 49. Bf7
{[%clk 0:07:06]} Rc8 {[%clk 0:05:57]} 50. Bg3 {[%clk 0:05:13]} Rf8
{[%clk 0:05:13]} 51. Bd5 {[%clk 0:05:26]} Kh7 {[%clk 0:03:14]} 52. Bc6
{[%clk 0:03:41]} Rf6 {[%clk 0:03:03]} 53. e5 {[%clk 0:03:48]} Rh6
{[%clk 0:02:55]} 54. Be4+ {[%clk 0:04:13]} Kg8 {[%clk 0:03:07]} 55. e6
{[%clk 0:03:35]} 1-0

[Event "Moscow Open 2018 AB"]
[Site "?"]
[Date "2018.01.30"]
[Round "4.13"]
[White "Gritsayeva, Oksana"]
[Black "Gaboyan, Susanna"]
[Result "0-1"]
[BlackElo "2168"]
[WhiteElo "2383"]
[LiveChessVersion "1.4.8"]

1. e4 {[%clk 1:30:58]} c5 {[%clk 1:30:54]} 2. Nf3 {[%clk 1:31:23]} Nc6
{[%clk 1:31:20]} 3. Nc3 {[%clk 1:31:44]} e5 {[%clk 1:30:46]} 4. Bc4
{[%clk 1:32:08]} Be7 {[%clk 1:31:03]} 5. d3 {[%clk 1:32:31]} Nf6 {[%clk 1:30:20]}
6. Bg5 {[%clk 1:30:27]} O-O 7. Bxf6 {[%clk 1:28:57]} Bxf6 {[%clk 1:30:40]} 8. Nd5
d6 {[%clk 1:29:18]} 9. O-O {[%clk 1:28:20]} Bg4 {[%clk 1:28:22]} 10. h3
{[%clk 1:28:41]} Bh5 {[%clk 1:27:58]} 11. a3 {[%clk 1:24:13]} Kh8
{[%clk 1:21:36]} 12. c3 {[%clk 1:19:48]} Bg5 {[%clk 1:06:07]} 13. b4
{[%clk 1:15:53]} f6 {[%clk 0:59:52]} 14. Ne3 {[%clk 1:05:01]} Ne7
{[%clk 0:57:14]} 15. g4 {[%clk 1:00:38]} Be8 {[%clk 0:55:42]} 16. h4
{[%clk 0:49:04]} Bf4 {[%clk 0:55:30]} 17. bxc5 {[%clk 0:41:46]} dxc5
{[%clk 0:54:51]} 18. Rb1 {[%clk 0:40:52]} Qc8 {[%clk 0:51:29]} 19. Ne1
{[%clk 0:39:06]} Bxe3 {[%clk 0:47:33]} 20. fxe3 {[%clk 0:39:31]} Bd7
{[%clk 0:47:58]} 21. g5 {[%clk 0:36:49]} Bg4 {[%clk 0:47:27]} 22. Qd2
{[%clk 0:36:16]} Bh3 {[%clk 0:44:21]} 23. Rf3 {[%clk 0:31:37]} fxg5
{[%clk 0:39:34]} 24. Rxf8+ {[%clk 0:29:41]} Qxf8 {[%clk 0:39:59]} 25. Qf2
{[%clk 0:29:29]} Qc8 {[%clk 0:39:22]} 26. Kh2 {[%clk 0:26:28]} Be6
{[%clk 0:28:57]} 27. Bxe6 {[%clk 0:22:52]} Qxe6 {[%clk 0:29:23]} 28. Rxb7
{[%clk 0:21:20]} gxh4 {[%clk 0:28:16]} 29. Ng2 {[%clk 0:16:12]} g5
{[%clk 0:22:15]} 30. Ne1 {[%clk 0:14:28]} Kg8 {[%clk 0:20:46]} 31. Nf3
{[%clk 0:13:28]} h6 {[%clk 0:18:15]} 32. Qb2 {[%clk 0:10:45]} Nc6
{[%clk 0:13:54]} 33. Qg2 {[%clk 0:09:29]} Ne7 {[%clk 0:06:35]} 34. Nxh4
{[%clk 0:08:59]} Rd8 {[%clk 0:06:07]} 35. Nf3 {[%clk 0:06:10]} Rxd3
{[%clk 0:05:20]} 36. Rxa7 {[%clk 0:05:08]} Qf6 {[%clk 0:01:51]} 37. Qe2
{[%clk 0:04:16]} c4 {[%clk 0:01:41]} 38. Qa2 {[%clk 0:03:20]} Rxe3
{[%clk 0:01:34]} 39. Qxc4+ {[%clk 0:03:44]} Kg7 {[%clk 0:01:59]} 40. Ng1
{[%clk 0:30:46]} Qf2+ {[%clk 0:31:16]} 41. Kh1 {[%clk 0:31:11]} Qh4+
{[%clk 0:31:30]} 42. Kg2 {[%clk 0:31:37]} Rg3+ {[%clk 0:31:46]} 43. Kf1
{[%clk 0:31:42]} Qf4+ {[%clk 0:32:11]} 0-1

[Event "Moscow Open 2018 AB"]
[Site "?"]
[Date "2018.01.30"]
[Round "4.14"]
[White "Soumya, Swaminathan"]
[Black "Kabanova, Ekaterina"]
[Result "1/2-1/2"]
[BlackElo "2202"]
[WhiteElo "2349"]
[LiveChessVersion "1.4.8"]

1. e4 {[%clk 1:26:19]} c5 {[%clk 1:30:53]} 2. Nf3 {[%clk 1:26:17]} Nc6
{[%clk 1:31:17]} 3. Nc3 {[%clk 1:25:36]} e5 {[%clk 1:30:08]} 4. Bc4
{[%clk 1:25:50]} Be7 {[%clk 1:30:30]} 5. d3 {[%clk 1:25:07]} Nf6 {[%clk 1:30:46]}
6. O-O {[%clk 1:19:37]} O-O {[%clk 1:31:07]} 7. Ng5 {[%clk 1:20:02]} a6
{[%clk 1:28:45]} 8. a4 {[%clk 1:16:12]} d6 {[%clk 1:29:10]} 9. f4
{[%clk 1:16:28]} exf4 {[%clk 1:29:37]} 10. Bxf4 h6 11. Nf3 Be6 12. Bxe6 fxe6 13.
Qe1 Nh5 14. Bd2 Nb4 15. Rc1 Qe8 16. Kh1 Qg6 17. Ne2 a5 18. h3 Bg5 19. g4 Nf4 20.
Nxf4 Bxf4 21. Nh4 Qg5 22. Rxf4 Rxf4 23. Ng2 e5 24. Nxf4 exf4 25. Qf2 Rf8 26. Rf1
Qe7 27. Qe2 Qh4 28. Qg2 Nxc2 29. Rxf4 Rxf4 30. Bxf4 Qe1+ 31. Kh2 Ne3 32. Bxe3
Qxe3 33. Qc2 Kf7 34. Qc4+ Ke7 1/2-1/2

[Event "Moscow Open 2018 AB"]
[Site "?"]
[Date "2018.01.30"]
[Round "4.15"]
[White "Borisova, Ekaterina"]
[Black "Hojjatova, Aydan"]
[Result "0-1"]
[BlackElo "2336"]
[WhiteElo "2177"]
[LiveChessVersion "1.4.8"]

1. d4 {[%clk 1:30:58]} e6 {[%clk 1:30:47]} 2. Nf3 {[%clk 1:31:21]} Nf6
{[%clk 1:31:10]} 3. c4 {[%clk 1:31:37]} d5 {[%clk 1:31:27]} 4. g3
{[%clk 1:32:01]} dxc4 {[%clk 1:31:30]} 5. Bg2 {[%clk 1:32:24]} c5
{[%clk 1:31:42]} 6. O-O {[%clk 1:32:48]} Nc6 {[%clk 1:32:05]} 7. Qa4
{[%clk 1:33:12]} Bd7 {[%clk 1:31:59]} 8. Qxc4 {[%clk 1:33:35]} b5
{[%clk 1:31:25]} 9. Qd3 {[%clk 1:33:19]} c4 {[%clk 1:31:46]} 10. Qd1
{[%clk 1:33:28]} Rc8 {[%clk 1:31:48]} 11. Bg5 {[%clk 1:29:40]} Be7
{[%clk 1:30:25]} 12. Nc3 {[%clk 1:26:08]} b4 {[%clk 1:18:40]} 13. Bxf6
{[%clk 1:24:25]} Bxf6 {[%clk 1:19:09]} 14. Ne4 {[%clk 1:24:43]} Be7
{[%clk 1:12:47]} 15. Rc1 {[%clk 1:17:24]} Na5 {[%clk 1:01:39]} 16. d5
{[%clk 1:02:55]} exd5 {[%clk 0:45:44]} 17. Qxd5 {[%clk 1:03:15]} O-O
{[%clk 0:43:24]} 18. Rfd1 {[%clk 0:51:47]} Ba4 {[%clk 0:40:48]} 19. Rd2
{[%clk 0:51:51]} Qxd5 {[%clk 0:31:29]} 20. Rxd5 {[%clk 0:52:15]} Nb7
{[%clk 0:31:42]} 21. Bh3 {[%clk 0:50:51]} Rc7 {[%clk 0:27:18]} 22. Nfd2
{[%clk 0:44:31]} g6 {[%clk 0:17:56]} 23. Nxc4 {[%clk 0:37:12]} f5
{[%clk 0:17:13]} 24. Ned2 {[%clk 0:37:17]} Bf6 {[%clk 0:15:39]} 25. b3
{[%clk 0:27:48]} Bc6 {[%clk 0:15:19]} 26. Ne3 {[%clk 0:26:48]} Bc3
{[%clk 0:14:12]} 27. Rd3 {[%clk 0:26:58]} Nc5 {[%clk 0:13:09]} 28. Rdxc3
{[%clk 0:25:05]} bxc3 {[%clk 0:13:38]} 29. Rxc3 {[%clk 0:25:28]} Ne6
{[%clk 0:13:22]} 30. Ndc4 {[%clk 0:20:41]} Rd8 {[%clk 0:12:12]} 31. Rc1
{[%clk 0:18:30]} Bb7 {[%clk 0:10:58]} 32. Kf1 {[%clk 0:16:43]} Be4
{[%clk 0:06:08]} 33. Bg2 {[%clk 0:13:47]} Bxg2+ {[%clk 0:06:28]} 34. Nxg2
{[%clk 0:14:11]} Nc5 {[%clk 0:06:24]} 35. Nf4 {[%clk 0:13:28]} Kf7
{[%clk 0:04:52]} 36. Ne5+ {[%clk 0:11:48]} Kf6 {[%clk 0:05:11]} 37. Nc4
{[%clk 0:09:49]} Ne4 {[%clk 0:04:27]} 38. Rc2 {[%clk 0:06:48]} Rd1+
{[%clk 0:03:33]} 39. Kg2 {[%clk 0:07:14]} Rdd7 {[%clk 0:03:38]} 40. h4
{[%clk 0:36:19]} Ke7 {[%clk 0:32:00]} 41. Nd3 {[%clk 0:29:58]} Nc5
{[%clk 0:23:39]} 42. Nde5 {[%clk 0:28:04]} Rd5 {[%clk 0:23:42]} 43. Nf3
{[%clk 0:25:00]} Ne4 {[%clk 0:22:12]} 44. Rb2 {[%clk 0:23:05]} Rc6
{[%clk 0:21:44]} 45. Nfe5 {[%clk 0:22:14]} Re6 {[%clk 0:20:53]} 46. Nd3
{[%clk 0:22:27]} Rd8 {[%clk 0:20:31]} 47. Nf4 {[%clk 0:20:41]} Rc6
{[%clk 0:20:25]} 48. f3 {[%clk 0:17:46]} Nc3 {[%clk 0:18:57]} 49. Rc2
{[%clk 0:16:37]} Nd1 {[%clk 0:15:37]} 50. Kg1 {[%clk 0:14:42]} Kf8
{[%clk 0:13:14]} 51. Nd3 {[%clk 0:14:31]} Rdc8 {[%clk 0:13:28]} 52. Nb4
{[%clk 0:13:09]} Rc5 {[%clk 0:12:13]} 53. Rd2 {[%clk 0:10:11]} Nc3
{[%clk 0:12:36]} 54. Rc2 {[%clk 0:09:32]} Nd5 {[%clk 0:11:06]} 55. Nd3
{[%clk 0:08:55]} Ne3 {[%clk 0:08:20]} 56. Rc1 {[%clk 0:08:21]} R5c6
{[%clk 0:08:09]} 57. Nde5 {[%clk 0:08:10]} Ra6 {[%clk 0:08:17]} 58. a3
{[%clk 0:06:49]} Rxa3 {[%clk 0:07:46]} 59. Rc3 {[%clk 0:07:02]} Nxc4
{[%clk 0:07:05]} 60. Nxc4 {[%clk 0:07:28]} Ra1+ {[%clk 0:07:15]} 61. Kf2
{[%clk 0:07:52]} a5 {[%clk 0:07:36]} 62. Rd3 {[%clk 0:07:42]} Ra2
{[%clk 0:06:11]} 63. Ke3 {[%clk 0:04:02]} a4 {[%clk 0:04:45]} 64. Nd6
{[%clk 0:03:52]} Rcc2 {[%clk 0:04:59]} 65. bxa4 {[%clk 0:04:02]} Rxe2+
{[%clk 0:03:57]} 66. Kd4 {[%clk 0:04:04]} Rxa4+ {[%clk 0:04:08]} 67. Kd5
{[%clk 0:04:30]} Ra5+ {[%clk 0:04:12]} 68. Kc6 {[%clk 0:04:37]} Rae5
{[%clk 0:04:26]} 69. Ra3 {[%clk 0:03:20]} R2e3 {[%clk 0:02:40]} 70. Ra8+
{[%clk 0:03:45]} Kg7 {[%clk 0:03:06]} 71. g4 {[%clk 0:03:01]} Rxf3
{[%clk 0:02:07]} 72. Ra7+ {[%clk 0:02:59]} Kf8 {[%clk 0:01:36]} 73. Ra8+
{[%clk 0:02:30]} Kg7 {[%clk 0:01:45]} 74. Ra7+ {[%clk 0:02:47]} Kf6
{[%clk 0:01:36]} 75. Rxh7 {[%clk 0:02:48]} fxg4 {[%clk 0:01:32]} 76. Kd7
{[%clk 0:03:06]} Rh5 {[%clk 0:01:16]} 77. Re7 {[%clk 0:01:26]} Rxh4
{[%clk 0:01:08]} 78. Ne4+ {[%clk 0:01:53]} Kf5 {[%clk 0:01:34]} 79. Nd6+
{[%clk 0:02:18]} Kf4 {[%clk 0:01:53]} 80. Rg7 {[%clk 0:02:37]} Kg5
{[%clk 0:01:14]} 81. Ne4+ {[%clk 0:02:52]} Kh6 {[%clk 0:01:24]} 82. Rg8
{[%clk 0:03:17]} Kh7 {[%clk 0:01:14]} 83. Ra8 {[%clk 0:03:40]} Rh5
{[%clk 0:01:28]} 84. Ra6 {[%clk 0:03:14]} g3 {[%clk 0:01:21]} 85. Ra2
{[%clk 0:03:40]} Re5 {[%clk 0:01:35]} 0-1

[Event "Moscow Open 2018 AB"]
[Site "?"]
[Date "2018.01.30"]
[Round "4.16"]
[White "Tomilova, Elena"]
[Black "Doroshenko, Diana"]
[Result "1/2-1/2"]
[BlackElo "2176"]
[WhiteElo "2331"]
[LiveChessVersion "1.4.8"]

1. Nf3 {[%clk 1:30:57]} Nf6 {[%clk 1:30:56]} 2. g3 {[%clk 1:31:21]} g6
{[%clk 1:31:21]} 3. b3 {[%clk 1:31:46]} Bg7 {[%clk 1:31:44]} 4. Bb2
{[%clk 1:32:11]} O-O {[%clk 1:30:37]} 5. Bg2 {[%clk 1:32:25]} d6 {[%clk 1:30:35]}
6. d4 {[%clk 1:32:44]} c5 {[%clk 1:29:37]} 7. O-O {[%clk 1:29:44]} Nc6
{[%clk 1:25:38]} 8. c4 {[%clk 1:25:37]} cxd4 {[%clk 1:11:34]} 9. Nxd4
{[%clk 1:25:54]} Bd7 {[%clk 1:11:49]} 10. Nc3 {[%clk 1:22:41]} a6
{[%clk 1:08:54]} 11. e3 {[%clk 1:18:06]} Qc8 {[%clk 1:02:40]} 12. Rc1
{[%clk 1:09:32]} Nxd4 {[%clk 0:45:30]} 13. Qxd4 {[%clk 1:07:49]} Nh5
{[%clk 0:45:24]} 14. Qd2 {[%clk 1:05:37]} Nf6 {[%clk 0:45:20]} 15. Nd5
{[%clk 0:53:22]} Nxd5 {[%clk 0:44:45]} 16. cxd5 {[%clk 0:53:45]} Qd8
{[%clk 0:42:52]} 17. Bxg7 {[%clk 0:52:18]} Kxg7 {[%clk 0:43:18]} 18. Qb4
{[%clk 0:51:17]} b6 {[%clk 0:31:00]} 19. a4 {[%clk 0:49:01]} Qb8 {[%clk 0:27:20]}
20. Rc3 {[%clk 0:43:21]} Qb7 {[%clk 0:22:28]} 21. Qe4 {[%clk 0:39:46]} Rfe8
{[%clk 0:20:46]} 22. h4 {[%clk 0:36:27]} Rac8 {[%clk 0:12:27]} 23. Rxc8
{[%clk 0:34:09]} Bxc8 {[%clk 0:12:53]} 24. Qd4+ {[%clk 0:29:33]} f6
{[%clk 0:12:32]} 25. h5 {[%clk 0:29:40]} Qc7 {[%clk 0:10:09]} 26. Bf3
{[%clk 0:20:07]} e5 {[%clk 0:05:42]} 27. dxe6 {[%clk 0:19:51]} Bxe6
{[%clk 0:05:08]} 28. h6+ {[%clk 0:15:41]} Kf7 {[%clk 0:04:58]} 29. b4
{[%clk 0:14:25]} Rc8 {[%clk 0:04:12]} 30. Rd1 {[%clk 0:13:50]} Ke7
{[%clk 0:03:18]} 31. g4 {[%clk 0:13:00]} d5 {[%clk 0:02:08]} 32. g5
{[%clk 0:09:03]} Qe5 {[%clk 0:02:13]} 33. gxf6+ {[%clk 0:05:19]} Qxf6
{[%clk 0:02:37]} 34. Qxf6+ {[%clk 0:03:13]} Kxf6 {[%clk 0:03:03]} 35. Bxd5
{[%clk 0:03:33]} Rd8 {[%clk 0:01:23]} 36. e4 {[%clk 0:03:45]} Bxd5
{[%clk 0:01:08]} 37. exd5 {[%clk 0:04:10]} Rd6 {[%clk 0:01:06]} 38. f4
{[%clk 0:04:02]} Kf5 {[%clk 0:01:13]} 39. Rd4 {[%clk 0:02:59]} g5
{[%clk 0:01:15]} 40. fxg5 {[%clk 0:33:16]} Kxg5 {[%clk 0:31:41]} 41. Kf2
{[%clk 0:32:26]} Kf5 {[%clk 0:30:17]} 42. Ke3 {[%clk 0:18:15]} Ke5
{[%clk 0:30:09]} 43. Re4+ {[%clk 0:18:08]} Kxd5 {[%clk 0:23:47]} 44. Rd4+
{[%clk 0:18:06]} Ke5 {[%clk 0:24:11]} 45. Rxd6 {[%clk 0:17:46]} Kxd6
{[%clk 0:24:36]} 46. Kd4 {[%clk 0:17:48]} Ke6 {[%clk 0:24:48]} 47. Ke4
{[%clk 0:17:31]} Kd6 {[%clk 0:25:12]} 48. Kf5 {[%clk 0:14:51]} Kd5
{[%clk 0:25:33]} 49. Kf6 {[%clk 0:15:12]} Kd6 {[%clk 0:25:51]} 50. Kg7
{[%clk 0:12:56]} Ke7 {[%clk 0:26:09]} 51. Kxh7 {[%clk 0:12:56]} Kf7
{[%clk 0:26:30]} 52. Kh8 {[%clk 0:13:10]} Kf8 {[%clk 0:26:55]} 53. Kh7
{[%clk 0:13:30]} Kf7 {[%clk 0:27:21]} 54. Kh8 {[%clk 0:13:56]} 1/2-1/2